000 00216nam a22000857a 4500
008 170301b xxu||||| |||| 00| 0 eng d
100 _92972
_aLaw.J
245 _aOxford Language Reference
260 _aNew Delhi
_bOxford
_c2001
999 _c6216
_d6216